Dell'Androgino : teoria plastica /
I tiakina i:
| Kaituhi matua: | |
|---|---|
| Ētahi atu kaituhi: | |
| Hōputu: | Pukapuka |
| Reo: | Wīwī Itāriana |
| I whakaputaina: |
Bologna :
Pàtron,
1996
|
| Ngā marau: | |
| Ngā Tūtohu: |
Kāore He Tūtohu, Me noho koe te mea tuatahi ki te tūtohu i tēnei pūkete!
|
MARC
| LEADER | 00000nam a22000007i 4500 | ||
|---|---|---|---|
| 001 | IT\ICCU\UBO\0248750 | ||
| 003 | ItRI | ||
| 005 | 20260115231916.0 | ||
| 008 | 960405s1996 it |||||| ||||| |||||c | ||
| 020 | |a 8855523597 | ||
| 040 | |b ita |c importazione bologna sebina | ||
| 041 | 7 | |a fre |a ita |2 ISO-639-2 | |
| 082 | |a 704.942 |9 ICONOGRAFIA. FIGURE UMANE |2 23 | ||
| 100 | 1 | |a Péladan, Joséphin |0 IT\ICCU\CUBV\106579 |4 aut | |
| 245 | 1 | 0 | |a Dell'Androgino : |b teoria plastica / |c Joséphin Péladan ; traduzione, introduzione e note di Adriano Marchetti. |
| 260 | |a Bologna : |b Pàtron, |c 1996 | ||
| 300 | |a 134 p. ; |c 22 cm | ||
| 500 | |a Trad. italiana a fronte. | ||
| 650 | 7 | |a ANDROGINO |x Testi |2 scbi | |
| 700 | 1 | |a Marchetti, Adriano |0 IT\ICCU\CFIV\066335 | |
| 790 | 1 | |a Péladan, Joseph |3 IT\ICCU\CFIV\194817 |z Péladan, Joséphin | |
| 790 | 1 | |a Péladan, Joséphin Aimé |3 IT\ICCU\CFIV\194816 |z Péladan, Joséphin | |
| 790 | 1 | |a Peladan, Sar Mérodack Joséphin |3 IT\ICCU\BVEV\275888 |z Péladan, Joséphin | |
| 790 | 1 | |a Peladan, Sar |3 IT\ICCU\VEAV\059067 |z Péladan, Joséphin | |
| 942 | |2 ddc |c BK |n 0 | ||
| 952 | |0 0 |1 0 |4 0 |6 DOC_731_820000000000000_PEL |7 0 |9 16150 |a BO |b BO |d 2026-01-15 |i 3509 |l 0 |o DOC 731.82 PEL |p BO3509 |r 2026-01-15 23:19:16 |w 2026-01-15 |x [Sebina 5] [1 v.] |y BK |z 1 v. | ||
| 999 | |c 13879 |d 13879 | ||